Statystyki dla Rozpoznaj piosenkę Malika Montany po jednym wersie!

Kliknij tutaj aby rozwiązać quiz!

Ogólne statystyki

  • Ten quiz został rozwiązany 1 104 razy
    (886 od ostatniego zresetowania)
  • Średni wynik to 8 z 18

Statystyki odpowiedzi

WersTytuł piosenki% Poprawnych
''Przyszedłem sam, zabralem dwie...''Robie Yeah
95%
''Łyka, łyka, łyka jak...''Pelikan
68%
''Co ten Malik opie***la, co za poj*b...''1-szy nos
62%
''Wszystko co poniżej to nie złoto tylko rtęć...''7 5 0
62%
''Malik, gdzie jest Malik Montana?...''Do Rana
61%
''Pliki, pliki, pliki - od liczenia mam odciski, Rękawiczki, bo odciski maja na policjiNaaajak
58%
''Dlaczego budzę się z inną kocham ją...''Niedostępny
57%
''Jedna noga ulica, druga czerwony dywan...''Czempion
48%
''ABW, przestępczość gospodarcza, VAT się kręci tak rząd cię okrada...''Jungle Boyz
46%
''Moja kochanka ma na imię kokaina...''Mona Lisa
46%
''Każdy taki charakterny, każdy taki twardy...''Mówili
43%
''Walę na łeb potem gadam, robię a nie opowiadam...''International
34%
''I jak trafi na kamień kosa, to i ostrze łamie się...''Za Pasem
30%
''Nigdy nie pozwolę być synowi głodnym...''NaNaNa
29%
''Rade dam, rade dam, rade dam, chodź krzyżyk na mnie już nie raz stawiano...''Wyrosłem Na Blokach
27%
''Idż zapytaj siostry ona też mnie zna, wczoraj ją robiłem na parkingu w CLA...''Baby Same Przyjdą
26%
''Koło zawistne twarze i same judasze co patrzą jak na plecach musisz nosić swój krzyż...''Dla Rodziny
26%
''Dres, kurtka, kordon, a pod nią maczeta...''Mitoman
26%

Rozkład punktacji

Percentyl według liczby udzielonych odpowiedzi

Procent ludzi z każdym wynikiem

Twoja historia wyników

Nie rozwiązałeś tego quizu od ostatniego zresetowania